000 00767nam a2200205Ii 4500
003 JO-AjNU
008 230605s9999||||xx |||||||||||||| ||und||
040 _aJO-AjNU
_bara
_erda
_cJO-AjNU
041 _aara
050 1 4 _aPJ7820 1987
100 3 _aتأليف القاسم،أفنان,
_eauthor
_914742
245 0 0 _aمسألة الشعر والملحمة الدرويشية: محمود درويش في مديح الظل العالي دراسة سوسيو- بنيوية
250 _aط1
264 3 1 _aبيروت:عالم الكتب،1987
300 _a192ص
336 _atext
_btxt
_2rdacontent
337 _aunmediated
_bn
_2rdamedia
338 _avolume
_bnc
_2rdacarrier
650 4 _a الشعر العربي - تاريخ ونقد - محمود درويش
_914743
999 _aA4003
_c7571
_d7571